000 00391nam a2200169Ia 4500
001 4544
003 IN-NITTTR
005 20251114233000.0
008 251113s9999||||xx |||||||||||||| ||eng||
040 _beng
040 _cIN-NITTTR
041 _aeng
082 _a510.62 P429G
100 _aPerry, D.
245 2 _aA general course in technical mathematics /
_cPerry, D.
942 _2ddc
_cBK
999 _c7180
_d7180